000 00520nam a22001937a 4500
003 AR-RoUNCS
005 20260602155852.0
007 ta
008 260602s2004 ag ||||r|||| 00| 0 spa d
020 _a9501106403
040 _cAR-RoUNCS
_aAR-RoUNCS
_bspa
041 _aspa
080 _0(038)=134.2
245 0 0 _aDiccionario Sigmar de la lengua española :
_bpequeño escolar 1.
260 _aBuenos Aires :
_bSigmar,
_cc2004.
300 _a382 p. ;
_c13 cm.
650 4 _aESPAÑOL
_vDICCIONARIOS
942 _2udc
_cOG
_n0
999 _c1036
_d1036